[Event "80. Francia ch"]
[Site "Chartres FRA"]
[Date "2005.08.15"]
[Round "1.1"]
[White "Bauer, Christian"]
[Black "Degraeve, Jean-Marc"]
[Result "1-0"]
[WhiteElo "2641"]
[BlackElo "2546"]
[PlyCount "99"]
[EventDate "2005.08.15"]
[EventType "tourn"]
[EventRounds "11"]
[EventCountry "FRA"]
[EventCategory "13"]
[Source "lmi"]
[SourceDate "2005.08.28"]

1. Nf3 Nf6 2. c4 g6 3. Nc3 Bg7 4. g3 O-O 5. Bg2 d6 6. d4 Nbd7 7. O-O e5 8. e3
Re8 9. b3 Nf8 10. dxe5 dxe5 11. Qxd8 Rxd8 12. Ba3 Ne8 13. Rad1 Bg4 14. h3 Bxf3
15. Bxf3 c6 16. Ne4 Ne6 17. g4 Bf8 18. Bb2 f6 19. Be2 Rxd1 20. Rxd1 Rd8 21.
Rxd8 Nxd8 22. c5 Bg7 23. Bc4+ Kf8 24. a4 Ke7 25. Kg2 Ne6 26. b4 a6 27. h4 Bf8
28. Kg3 h6 29. Kg2 Kd7 30. a5 Be7 31. Ng3 N8c7 32. Bc3 Nd5 33. Bd2 Ng7 34. Bd3
g5 35. Nf5 Nxf5 36. Bxf5+ Kd8 37. h5 Bf8 38. Kf3 Nc7 39. Ke4 Bg7 40. Be1 Bh8
41. Bh7 Ke7 42. Bg8 Bg7 43. Kf5 Bf8 44. Bd2 Bg7 45. Bc4 Bf8 46. f4 exf4 47.
exf4 gxf4 48. Bxf4 Nd5 49. Bxd5 cxd5 50. Bd6+ 1-0

[Event "80. Francia ch"]
[Site "Chartres FRA"]
[Date "2005.08.15"]
[Round "1.2"]
[White "Bagheri, Amir"]
[Black "Kosten, Anthony C"]
[Result "1/2-1/2"]
[WhiteElo "2537"]
[BlackElo "2522"]
[PlyCount "25"]
[EventDate "2005.08.15"]
[EventType "tourn"]
[EventRounds "11"]
[EventCountry "FRA"]
[EventCategory "13"]
[Source "lmi"]
[SourceDate "2005.08.28"]

1. d4 e6 2. Nf3 c5 3. e3 Nf6 4. c4 d5 5. Nc3 a6 6. a3 Nc6 7. Bd3 dxc4 8. Bxc4
b5 9. Ba2 Bb7 10. O-O Qc7 11. Qe2 Rd8 12. Rd1 Be7 13. dxc5 1/2-1/2

[Event "80. Francia ch"]
[Site "Chartres FRA"]
[Date "2005.08.15"]
[Round "1.3"]
[White "Vaisser, Anatoly"]
[Black "Fontaine, Robert"]
[Result "1/2-1/2"]
[WhiteElo "2576"]
[BlackElo "2526"]
[PlyCount "60"]
[EventDate "2005.08.15"]
[EventType "tourn"]
[EventRounds "11"]
[EventCountry "FRA"]
[EventCategory "13"]
[Source "lmi"]
[SourceDate "2005.08.28"]

1. d4 Nf6 2. c4 e6 3. Nc3 Bb4 4. Qc2 O-O 5. e4 d5 6. e5 Ne4 7. Bd3 c5 8. cxd5
exd5 9. Nge2 cxd4 10. Nxd4 Nd7 11. f4 Ndc5 12. O-O Nxd3 13. Qxd3 Bxc3 14. bxc3
Qc7 15. Ba3 Rd8 16. Rac1 Qc4 17. Qc2 Bd7 18. Rf3 Rac8 19. Re3 Re8 20. Qb3 b6
21. h3 f6 22. exf6 Nxf6 23. Re5 Qd3 24. Qc2 Qxc2 25. Rxc2 Ba4 26. Rc1 Ne4 27.
Bb2 Nc5 28. Rxd5 Nd3 29. Rb1 Nxf4 30. Rg5 Ne6 1/2-1/2

[Event "80. Francia ch"]
[Site "Chartres FRA"]
[Date "2005.08.15"]
[Round "1.4"]
[White "Apicella, Manuel"]
[Black "Marzolo, Cyril"]
[Result "1-0"]
[WhiteElo "2553"]
[BlackElo "2388"]
[PlyCount "53"]
[EventDate "2005.08.15"]
[EventType "tourn"]
[EventRounds "11"]
[EventCountry "FRA"]
[EventCategory "13"]
[Source "lmi"]
[SourceDate "2005.08.28"]

1. e4 c5 2. Nf3 e6 3. d4 cxd4 4. Nxd4 a6 5. Bd3 Bc5 6. Nb3 Be7 7. O-O d6 8. f4
Nf6 9. Qf3 Nc6 10. Nc3 Qc7 11. Be3 Rb8 12. g4 g6 13. g5 Nd7 14. Rae1 O-O 15.
Qh3 Re8 16. Nd1 Bf8 17. Nf2 d5 18. exd5 exd5 19. Ng4 h5 20. gxh6 f5 21. Bd4
Nxd4 22. Rxe8 Nxb3 23. h7+ Kh8 24. Ne5 Qc5+ 25. Kh1 Nxe5 26. fxe5 d4 27. Kg1
1-0

[Event "80. Francia ch"]
[Site "Chartres FRA"]
[Date "2005.08.15"]
[Round "1.6"]
[White "Vachier-Lagrave, Maxime"]
[Black "Fressinet, Laurent"]
[Result "1/2-1/2"]
[WhiteElo "2527"]
[BlackElo "2627"]
[PlyCount "72"]
[EventDate "2005.08.15"]
[EventType "tourn"]
[EventRounds "11"]
[EventCountry "FRA"]
[EventCategory "13"]
[Source "lmi"]
[SourceDate "2005.08.28"]

1. e4 d6 2. d4 Nf6 3. Nc3 g6 4. Be3 c6 5. Qd2 b5 6. Bd3 Nbd7 7. Nf3 Qc7 8. d5
b4 9. dxc6 bxc3 10. cxd7+ Bxd7 11. Qxc3 Qxc3+ 12. bxc3 Bg7 13. Rb1 O-O 14. O-O
Rfc8 15. Rb7 e5 16. Rxa7 Bc6 17. Rxa8 Rxa8 18. Nd2 d5 19. f3 Rxa2 20. Rb1 h6
21. h3 Ra8 22. Rb6 Rc8 23. Ba6 Rc7 24. Rb8+ Kh7 25. Bb6 Rd7 26. Bd3 h5 27. Kf2
Bh6 28. Be3 Rc7 29. Bxh6 Kxh6 30. Rd8 Bd7 31. exd5 Nxd5 32. Bc4 Nxc3 33. Bxf7
Nd1+ 34. Ke2 Nc3+ 35. Kf2 Nd1+ 36. Ke2 Nc3+ 1/2-1/2

[Event "80. Francia ch"]
[Site "Chartres FRA"]
[Date "2005.08.16"]
[Round "2.1"]
[White "Fressinet, Laurent"]
[Black "Bagheri, Amir"]
[Result "1/2-1/2"]
[WhiteElo "2627"]
[BlackElo "2537"]
[PlyCount "98"]
[EventDate "2005.08.15"]
[EventType "tourn"]
[EventRounds "11"]
[EventCountry "FRA"]
[EventCategory "13"]
[Source "lmi"]
[SourceDate "2005.08.28"]

1. e4 c6 2. d4 d5 3. Nc3 dxe4 4. Nxe4 Bf5 5. Ng3 Bg6 6. h4 h6 7. Nf3 Nd7 8. h5
Bh7 9. Bd3 Bxd3 10. Qxd3 Ngf6 11. Bf4 Qa5+ 12. Bd2 Qc7 13. O-O-O e6 14. Ne4
O-O-O 15. g3 Nxe4 16. Qxe4 Bd6 17. c4 Rhe8 18. Bc3 f5 19. Qc2 Nf6 20. Nd2 Kb8
21. c5 Bf8 22. Nc4 Rd5 23. Ba5 Qf7 24. Rd3 Nd7 25. Ne3 e5 26. Nxd5 Qxd5 27.
dxe5 Qxh1+ 28. Rd1 Qxh5 29. Rxd7 Qh1+ 30. Rd1 Qe4 31. Qc3 g5 32. f3 Qa4 33. e6
Qxa2 34. Qe5+ Ka8 35. Qc7 Qa1+ 36. Kc2 Qa4+ 37. Kc1 Qa1+ 38. Kc2 Qa4+ 39. b3
Qa2+ 40. Kc3 Be7 41. Rd7 Qa1+ 42. Kd2 Qb2+ 43. Ke1 Qxb3 44. Rxe7 Qe3+ 45. Kd1
Qxf3+ 46. Kc2 Qe4+ 47. Kb2 Qe2+ 48. Kc1 Qc4+ 49. Kd1 Qb3+ 1/2-1/2

[Event "80. Francia ch"]
[Site "Chartres FRA"]
[Date "2005.08.16"]
[Round "2.2"]
[White "Marzolo, Cyril"]
[Black "Fontaine, Robert"]
[Result "1/2-1/2"]
[WhiteElo "2388"]
[BlackElo "2526"]
[PlyCount "49"]
[EventDate "2005.08.15"]
[EventType "tourn"]
[EventRounds "11"]
[EventCountry "FRA"]
[EventCategory "13"]
[Source "lmi"]
[SourceDate "2005.08.28"]

1. d4 Nf6 2. c4 e6 3. Nc3 Bb4 4. Qc2 O-O 5. e4 d6 6. e5 dxe5 7. dxe5 Ng4 8. Nf3
Nc6 9. Bf4 Nd4 10. Qe4 Bc5 11. Bg3 f5 12. exf6 Nxf6 13. Qd3 e5 14. Nxd4 exd4
15. O-O-O Bg4 16. Ne2 Qd7 17. f3 Bf5 18. Qb3 d3 19. Nf4 Be3+ 20. Kb1 d2+ 21.
Ka1 Qd4 22. Bd3 Bxd3 23. Nxd3 Nd7 24. Bxc7 a5 25. c5+ 1/2-1/2

[Event "80. Francia ch"]
[Site "Chartres FRA"]
[Date "2005.08.16"]
[Round "2.3"]
[White "Kosten, Anthony C"]
[Black "Bauer, Christian"]
[Result "1/2-1/2"]
[WhiteElo "2522"]
[BlackElo "2641"]
[PlyCount "127"]
[EventDate "2005.08.15"]
[EventType "tourn"]
[EventRounds "11"]
[EventCountry "FRA"]
[EventCategory "13"]
[Source "lmi"]
[SourceDate "2005.08.28"]

1. g3 e5 2. c4 d6 3. Bg2 f5 4. d4 Be7 5. Nc3 Nf6 6. dxe5 dxe5 7. Qxd8+ Bxd8 8.
b3 c6 9. Bb2 Na6 10. O-O-O Ng4 11. Rf1 Bf6 12. h3 Nh6 13. Rd1 e4 14. f3 O-O 15.
fxe4 Be5 16. Nf3 Bxg3 17. Nd4 Re8 18. exf5 Nxf5 19. Nxf5 Bxf5 20. e4 Bf4+ 21.
Kb1 Bg6 22. h4 Bh5 23. Rdf1 Be5 24. Bf3 Bxf3 25. Rxf3 Nc5 26. Rg1 Rad8 27. Rg4
Nd3 28. Ba1 Rf8 29. Rf5 Rxf5 30. exf5 Rf8 31. Rg1 Rxf5 32. Rd1 Rf3 33. Ne4 Bxa1
34. Kxa1 h6 35. Nd6 Nc5 36. b4 Rd3 37. Rxd3 Nxd3 38. b5 cxb5 39. cxb5 Nc5 40.
Kb2 Kf8 41. Kc3 Ke7 42. Nc8+ Kd7 43. Nxa7 Kc7 44. Kc4 Nd7 45. Kd4 g6 46. Ke4
Kb6 47. Nc8+ Kxb5 48. Ne7 g5 49. hxg5 hxg5 50. Kf5 Nc5 51. Kxg5 Ne4+ 52. Kf4
Nc3 53. Nf5 Kc5 54. a3 Nb5 55. a4 Nd6 56. Nxd6 Kxd6 57. a5 Kc6 58. a6 b5 59.
Ke4 Kb6 60. Kd4 Kxa6 61. Kc3 Kb6 62. Kb4 Kc6 63. Kb3 b4 64. Kxb4 1/2-1/2

[Event "80. Francia ch"]
[Site "Chartres FRA"]
[Date "2005.08.16"]
[Round "2.4"]
[White "Degraeve, Jean-Marc"]
[Black "Sokolov, Andrei"]
[Result "1/2-1/2"]
[WhiteElo "2546"]
[BlackElo "2603"]
[PlyCount "24"]
[EventDate "2005.08.15"]
[EventType "tourn"]
[EventRounds "11"]
[EventCountry "FRA"]
[EventCategory "13"]
[Source "lmi"]
[SourceDate "2005.08.28"]

1. e4 c5 2. Nf3 e6 3. c3 d5 4. exd5 Qxd5 5. d4 Nf6 6. Na3 Nc6 7. Nb5 Qd8 8.
dxc5 Bxc5 9. Qxd8+ Kxd8 10. Bf4 Ne8 11. Be2 a6 12. Nbd4 Nxd4 1/2-1/2

[Event "80. Francia ch"]
[Site "Chartres FRA"]
[Date "2005.08.16"]
[Round "2.5"]
[White "Lautier, Joel"]
[Black "Vaisser, Anatoly"]
[Result "1-0"]
[WhiteElo "2672"]
[BlackElo "2576"]
[PlyCount "65"]
[EventDate "2005.08.15"]
[EventType "tourn"]
[EventRounds "11"]
[EventCountry "FRA"]
[EventCategory "13"]
[Source "lmi"]
[SourceDate "2005.08.28"]

1. d4 e6 2. c4 d5 3. Nc3 Be7 4. Nf3 Nf6 5. Bf4 O-O 6. e3 c5 7. dxc5 Bxc5 8. a3
Nc6 9. Qc2 Qa5 10. Nd2 Be7 11. Bg3 Bd7 12. Rd1 Rac8 13. Be2 a6 14. O-O b5 15.
cxd5 exd5 16. Nf3 b4 17. axb4 Nxb4 18. Qb3 Qb6 19. Be5 Rfd8 20. Nd4 a5 21. h3
Ra8 22. Ndb5 Rdc8 23. Rc1 Bc6 24. Nd4 Bd7 25. Bf3 a4 26. Nxa4 Bxa4 27. Rxc8+
Rxc8 28. Qxa4 Nd3 29. Nf5 Bc5 30. Bc3 Nxb2 31. Qh4 d4 32. Bxd4 Qe6 33. Qg5 1-0

[Event "80. Francia ch"]
[Site "Chartres FRA"]
[Date "2005.08.16"]
[Round "2.6"]
[White "Apicella, Manuel"]
[Black "Vachier-Lagrave, Maxime"]
[Result "0-1"]
[WhiteElo "2553"]
[BlackElo "2527"]
[PlyCount "70"]
[EventDate "2005.08.15"]
[EventType "tourn"]
[EventRounds "11"]
[EventCountry "FRA"]
[EventCategory "13"]
[Source "lmi"]
[SourceDate "2005.08.28"]

1. e4 c5 2. Nf3 d6 3. d4 Nf6 4. Nc3 cxd4 5. Nxd4 a6 6. Be3 e6 7. Be2 Qc7 8. O-O
b5 9. a3 Bb7 10. f3 Be7 11. Qe1 O-O 12. Qg3 Nbd7 13. Kh1 Kh8 14. Qh3 Ne5 15. g4
Nc4 16. Bxc4 Qxc4 17. g5 Nd7 18. Rg1 Ne5 19. Rg3 d5 20. f4 Ng6 21. f5 e5 22.
Rg4 exd4 23. fxg6 fxg6 24. Rh4 dxe4 25. Rxh7+ Kg8 26. Rh8+ Kf7 27. Rf1+ Ke8 28.
Rfxf8+ Bxf8 29. Bxd4 Kf7 30. Be3 Bc8 31. Qg2 Bf5 32. h4 Qe6 33. Ne2 Bh3 34. Qg3
Qf5 35. Qc7+ Be7 0-1

[Event "80. Francia ch"]
[Site "Chartres FRA"]
[Date "2005.08.17"]
[Round "3.1"]
[White "Fontaine, Robert"]
[Black "Lautier, Joel"]
[Result "1/2-1/2"]
[WhiteElo "2526"]
[BlackElo "2672"]
[PlyCount "34"]
[EventDate "2005.08.15"]
[EventType "tourn"]
[EventRounds "11"]
[EventCountry "FRA"]
[EventCategory "13"]
[Source "lmi"]
[SourceDate "2005.08.28"]

1. e4 c5 2. Nf3 e6 3. d4 cxd4 4. Nxd4 Nc6 5. Nc3 a6 6. Be3 Nf6 7. Be2 Bb4 8.
O-O Qc7 9. Na4 Be7 10. Nxc6 bxc6 11. Nb6 Rb8 12. Nxc8 Qxc8 13. Bd4 c5 14. Be5
Rb6 15. b3 O-O 16. Bd3 d6 17. Bb2 Nd7 1/2-1/2

[Event "80. Francia ch"]
[Site "Chartres FRA"]
[Date "2005.08.17"]
[Round "3.2"]
[White "Bauer, Christian"]
[Black "Fressinet, Laurent"]
[Result "1/2-1/2"]
[WhiteElo "2641"]
[BlackElo "2627"]
[PlyCount "62"]
[EventDate "2005.08.15"]
[EventType "tourn"]
[EventRounds "11"]
[EventCountry "FRA"]
[EventCategory "13"]
[Source "lmi"]
[SourceDate "2005.08.28"]

1. e4 e5 2. Nf3 Nf6 3. Nc3 Nc6 4. Bb5 Nd4 5. Ba4 Bc5 6. Nxe5 O-O 7. Nd3 Bb6 8.
Nf4 c6 9. d3 d5 10. O-O Bg4 11. Qd2 dxe4 12. dxe4 Re8 13. Kh1 g5 14. f3 gxf4
15. fxg4 Bc7 16. Qd3 Ne6 17. Bb3 Qxd3 18. cxd3 Nxg4 19. Bxe6 fxe6 20. Bxf4 Bb6
21. Bg3 Rad8 22. Rf3 Rf8 23. Ne2 Rxf3 24. gxf3 Ne3 25. Be5 Rxd3 26. Nf4 Rd2 27.
Rg1+ Kf7 28. Rg7+ Ke8 29. Rg8+ Kf7 30. Rg7+ Ke8 31. Rg8+ Kf7 1/2-1/2

[Event "80. Francia ch"]
[Site "Chartres FRA"]
[Date "2005.08.17"]
[Round "3.3"]
[White "Vaisser, Anatoly"]
[Black "Degraeve, Jean-Marc"]
[Result "1/2-1/2"]
[WhiteElo "2576"]
[BlackElo "2546"]
[PlyCount "107"]
[EventDate "2005.08.15"]
[EventType "tourn"]
[EventRounds "11"]
[EventCountry "FRA"]
[EventCategory "13"]
[Source "lmi"]
[SourceDate "2005.08.28"]

1. d4 d6 2. e4 Nf6 3. Nc3 g6 4. f4 Bg7 5. Nf3 O-O 6. Bd3 Nc6 7. O-O e5 8. fxe5
dxe5 9. d5 Ne7 10. Bg5 c6 11. dxc6 Nxc6 12. Nd5 Qd6 13. Bxf6 Bxf6 14. Nxf6+
Qxf6 15. Bc4 Qe7 16. Bd5 Nb4 17. c4 Bg4 18. Qb3 Nxd5 19. cxd5 Rac8 20. h3 Bxf3
21. Rxf3 b6 22. Raf1 Qc5+ 23. Kh2 Qc4 24. Qe3 Rc7 25. b3 Qc5 26. Qg5 Qd4 27.
Qg4 Rc2 28. h4 Rc3 29. Rxc3 Qxc3 30. h5 Qd2 31. Rf3 Kg7 32. Qh4 f6 33. Rh3 g5
34. h6+ Kg8 35. Qg4 Qf4+ 36. Qxf4 exf4 37. Rc3 Kf7 38. Rc7+ Kg6 39. Rxa7 Kxh6
40. Rb7 Re8 41. Rxb6 Rxe4 42. Rxf6+ Kg7 43. Ra6 Re2 44. Kg1 Rd2 45. d6 Kf6 46.
d7+ Kf5 47. Ra7 Kg4 48. d8=Q Rxd8 49. Rxh7 Rd1+ 50. Kh2 Rd2 51. Rh3 Rxa2 52.
Rc3 Rb2 53. Kg1 Kh5 54. g3 1/2-1/2

[Event "80. Francia ch"]
[Site "Chartres FRA"]
[Date "2005.08.17"]
[Round "3.4"]
[White "Sokolov, Andrei"]
[Black "Kosten, Anthony C"]
[Result "1-0"]
[WhiteElo "2603"]
[BlackElo "2522"]
[PlyCount "119"]
[EventDate "2005.08.15"]
[EventType "tourn"]
[EventRounds "11"]
[EventCountry "FRA"]
[EventCategory "13"]
[Source "lmi"]
[SourceDate "2005.08.28"]

1. e4 c5 2. Nf3 d6 3. d4 Nf6 4. Nc3 cxd4 5. Nxd4 a6 6. Be3 e5 7. Nf3 Be7 8. Bc4
O-O 9. O-O Be6 10. Bb3 Nc6 11. Bg5 Na5 12. Bxf6 Bxf6 13. Nd5 Bg5 14. Nxg5 Qxg5
15. Qd3 Rac8 16. Ne3 Nxb3 17. axb3 Rc6 18. b4 Rfc8 19. b5 axb5 20. Qxb5 Qd8 21.
b3 Rb6 22. Qa5 g6 23. Rad1 Qc7 24. Rd3 Qc5 25. Qd2 Qc6 26. f3 Qc5 27. Kh1 Ra8
28. Rd1 Ra2 29. Rc3 Qa5 30. Rd3 Qc5 31. Qe1 Rba6 32. h3 Kg7 33. Kh2 h5 34. Qd2
Kh7 35. Qe1 Kg7 36. Qd2 Kh7 37. b4 Qa7 38. b5 R6a3 39. Rxa3 Qxa3 40. Nd5 Qc5
41. Nf6+ Kg7 42. Qg5 Kf8 43. Nh7+ Kg7 44. Nf6 Kf8 45. Qh6+ Ke7 46. Nh7 Ra8 47.
Qg5+ Ke8 48. Nf6+ Kf8 49. Nd5 Kg8 50. Nf6+ Kf8 51. Nd5 Kg8 52. Ne7+ Kh7 53.
Nxg6 Qxc2 54. Rxd6 Rc8 55. Ne7 Qc1 56. Qxh5+ Kg7 57. Qxe5+ f6 58. Qg3+ Kf7 59.
Nxc8 Qxc8 60. e5 1-0

[Event "80. Francia ch"]
[Site "Chartres FRA"]
[Date "2005.08.17"]
[Round "3.5"]
[White "Vachier-Lagrave, Maxime"]
[Black "Marzolo, Cyril"]
[Result "1-0"]
[WhiteElo "2527"]
[BlackElo "2388"]
[PlyCount "89"]
[EventDate "2005.08.15"]
[EventType "tourn"]
[EventRounds "11"]
[EventCountry "FRA"]
[EventCategory "13"]
[Source "lmi"]
[SourceDate "2005.08.28"]

1. e4 e6 2. d4 d5 3. Nd2 Be7 4. Bd3 c5 5. dxc5 Nf6 6. Qe2 Nc6 7. Ngf3 Nb4 8.
Nb3 Nxd3+ 9. cxd3 a5 10. Bg5 a4 11. Nbd2 h6 12. Bxf6 Bxf6 13. exd5 a3 14. Ne4
Qxd5 15. Nxf6+ gxf6 16. b4 Bd7 17. Qe4 Bc6 18. Qxd5 Bxd5 19. Nd4 Ra4 20. Nc2
Rg8 21. Rg1 b6 22. cxb6 Kd7 23. Kd2 Kc6 24. g3 Kxb6 25. Ne3 Rd8 26. Nxd5+ Rxd5
27. Rab1 Rf5 28. f4 Rh5 29. h4 Rb5 30. Kc3 Rd5 31. Rge1 f5 32. Kc4 Ra8 33. Re3
Rad8 34. Rd1 Rd4+ 35. Kc3 Kb5 36. Re5+ R8d5 37. Rxd5+ Rxd5 38. Re1 Rd8 39. Re5+
Kb6 40. d4 Rc8+ 41. Kb3 Rg8 42. Re3 Ra8 43. Rd3 Kb5 44. d5 Ra4 45. Rd4 1-0

[Event "80. Francia ch"]
[Site "Chartres FRA"]
[Date "2005.08.17"]
[Round "3.6"]
[White "Bagheri, Amir"]
[Black "Apicella, Manuel"]
[Result "1-0"]
[WhiteElo "2537"]
[BlackElo "2553"]
[PlyCount "81"]
[EventDate "2005.08.15"]
[EventType "tourn"]
[EventRounds "11"]
[EventCountry "FRA"]
[EventCategory "13"]
[Source "lmi"]
[SourceDate "2005.08.28"]

1. e4 e6 2. d4 d5 3. Nc3 Bb4 4. e5 Ne7 5. Bd3 c5 6. a3 Bxc3+ 7. bxc3 Nbc6 8.
Qg4 c4 9. Be2 Nf5 10. a4 Qa5 11. Bd2 Bd7 12. Qh5 h6 13. Bg4 g6 14. Qh3 O-O-O
15. Ne2 Nce7 16. O-O Bxa4 17. Rfb1 b5 18. Bc1 Rdg8 19. Qf3 Qc7 20. h4 g5 21. h5
Bxc2 22. Rxb5 Be4 23. Qh3 Kd7 24. Ba3 Rb8 25. Bd6 Nxd6 26. exd6 Kxd6 27. Ra6+
Kd7 28. Bxe6+ fxe6 29. Qxe6+ Ke8 30. Rc6 Qd8 31. Qe5 Rxb5 32. Qxh8+ Kd7 33.
Rd6+ Kxd6 34. Qxd8+ Ke6 35. Ng3 Bc2 36. Kh2 Rb6 37. Qa8 a6 38. Nf1 Bd1 39. f3
Rb2 40. Qxa6+ Kf7 41. Qa1 1-0

[Event "80. Francia ch"]
[Site "Chartres FRA"]
[Date "2005.08.18"]
[Round "4.1"]
[White "Marzolo, Cyril"]
[Black "Lautier, Joel"]
[Result "1/2-1/2"]
[WhiteElo "2388"]
[BlackElo "2672"]
[PlyCount "43"]
[EventDate "2005.08.15"]
[EventType "tourn"]
[EventRounds "11"]
[EventCountry "FRA"]
[EventCategory "13"]
[Source "lmi"]
[SourceDate "2005.08.28"]

1. Nf3 d5 2. d4 Nf6 3. c4 e6 4. Nc3 c6 5. Bg5 h6 6. Bxf6 Qxf6 7. e3 Nd7 8. Bd3
dxc4 9. Bxc4 g6 10. O-O Bg7 11. Rc1 Qe7 12. Re1 O-O 13. e4 Rd8 14. e5 a6 15.
Qe2 b5 16. Bd3 c5 17. d5 Rb8 18. d6 Qe8 19. b3 g5 20. h3 Bb7 21. Be4 f5 22.
exf6 1/2-1/2

[Event "80. Francia ch"]
[Site "Chartres FRA"]
[Date "2005.08.18"]
[Round "4.2"]
[White "Degraeve, Jean-Marc"]
[Black "Fontaine, Robert"]
[Result "1-0"]
[WhiteElo "2546"]
[BlackElo "2526"]
[PlyCount "77"]
[EventDate "2005.08.15"]
[EventType "tourn"]
[EventRounds "11"]
[EventCountry "FRA"]
[EventCategory "13"]
[Source "lmi"]
[SourceDate "2005.08.28"]

1. e4 c6 2. d4 d5 3. exd5 cxd5 4. c4 Nf6 5. Nc3 e6 6. Nf3 Bb4 7. cxd5 Nxd5 8.
Qc2 Nc6 9. Be2 O-O 10. O-O Be7 11. Rd1 Ncb4 12. Qb3 b6 13. a3 Nxc3 14. bxc3 Nc6
15. c4 Bb7 16. Bb2 Rc8 17. Rac1 Na5 18. Qe3 Bf6 19. Ne5 Re8 20. Rc3 a6 21. a4
Nc6 22. Qf4 Ne7 23. Ng4 Nf5 24. Nxf6+ Qxf6 25. Rb3 Qg6 26. f3 Bc6 27. Rxb6 Bxa4
28. Rd2 a5 29. d5 Bd7 30. Bd3 Qh5 31. Bxf5 exf5 32. Qg3 g6 33. Rc2 Ba4 34. Rc1
Re2 35. Qf4 Rce8 36. Rb8 Rxb8 37. Qxb8+ Re8 38. Qf4 f6 39. Bxf6 1-0

[Event "80. Francia ch"]
[Site "Chartres FRA"]
[Date "2005.08.18"]
[Round "4.3"]
[White "Fressinet, Laurent"]
[Black "Sokolov, Andrei"]
[Result "0-1"]
[WhiteElo "2627"]
[BlackElo "2603"]
[PlyCount "80"]
[EventDate "2005.08.15"]
[EventType "tourn"]
[EventRounds "11"]
[EventCountry "FRA"]
[EventCategory "13"]
[Source "lmi"]
[SourceDate "2005.08.28"]

1. e4 c5 2. Nf3 e6 3. d4 cxd4 4. Nxd4 Nf6 5. Nc3 d6 6. g4 h6 7. h3 a6 8. Bg2
Qc7 9. Be3 b5 10. h4 b4 11. Na4 Bd7 12. g5 Bxa4 13. gxf6 Nd7 14. Qd2 Rb8 15. a3
Nxf6 16. axb4 Bd7 17. Rxa6 Qb7 18. b5 Bxb5 19. Nxb5 Qxb5 20. Qe2 Qxb2 21. O-O
Be7 22. Ra7 Bd8 23. Bc1 Qe5 24. Qf3 O-O 25. Bf4 Qc5 26. Ra6 Ne8 27. Qg3 Qh5 28.
Rxd6 Nxd6 29. Bxd6 Rc8 30. Bxf8 Kxf8 31. Rb1 Bxh4 32. Qh3 Qg5 33. f4 Qc5+ 34.
Kh1 Qxc2 35. Rf1 Be7 36. f5 e5 37. Bf3 Bg5 38. Rd1 Rc3 39. Qg4 Qf2 40. f6 Bxf6
0-1

[Event "80. Francia ch"]
[Site "Chartres FRA"]
[Date "2005.08.18"]
[Round "4.4"]
[White "Apicella, Manuel"]
[Black "Bauer, Christian"]
[Result "0-1"]
[WhiteElo "2553"]
[BlackElo "2641"]
[PlyCount "72"]
[EventDate "2005.08.15"]
[EventType "tourn"]
[EventRounds "11"]
[EventCountry "FRA"]
[EventCategory "13"]
[Source "lmi"]
[SourceDate "2005.08.28"]

1. e4 c5 2. Nf3 Nc6 3. d4 cxd4 4. Nxd4 Nf6 5. Nc3 d6 6. Bc4 Qb6 7. Nb3 e6 8.
Be3 Qc7 9. f4 a6 10. Bd3 b5 11. Qf3 Bb7 12. O-O Be7 13. Rae1 Rc8 14. g4 Nd7 15.
g5 Nb4 16. Qh3 Nxd3 17. cxd3 b4 18. Nd1 O-O 19. Nf2 Qd8 20. Qg3 f5 21. Bd2 e5
22. h4 Rc2 23. exf5 Rxf5 24. Qh3 Rf7 25. f5 Rxd2 26. Nxd2 Bxg5 27. Nde4 Bxh4
28. Re2 Nc5 29. Ng4 Nxe4 30. dxe4 Bg5 31. Qb3 Qb6+ 32. Kg2 h5 33. Qe6 Qb5 34.
Ree1 hxg4 35. Rh1 Qd7 36. Qg6 Qxf5 0-1

[Event "80. Francia ch"]
[Site "Chartres FRA"]
[Date "2005.08.18"]
[Round "4.5"]
[White "Vachier-Lagrave, Maxime"]
[Black "Bagheri, Amir"]
[Result "1-0"]
[WhiteElo "2527"]
[BlackElo "2537"]
[PlyCount "73"]
[EventDate "2005.08.15"]
[EventType "tourn"]
[EventRounds "11"]
[EventCountry "FRA"]
[EventCategory "13"]
[Source "lmi"]
[SourceDate "2005.08.28"]

1. e4 c6 2. d4 d5 3. e5 c5 4. dxc5 Nc6 5. Bb5 e6 6. Nf3 Bxc5 7. O-O Nge7 8. a3
O-O 9. b4 Bb6 10. Bb2 a5 11. Bd3 Ng6 12. b5 Nce7 13. a4 f6 14. exf6 gxf6 15. c4
e5 16. cxd5 Qxd5 17. Na3 Kh8 18. Nc4 Bc5 19. Qc2 Nf4 20. Ncxe5 Qg8 21. g3 b6
22. Be4 Ned5 23. Nd3 Nxd3 24. Qxd3 Bb7 25. Rad1 Nf4 26. Qc2 Nh3+ 27. Kg2 Nf4+
28. Kh1 Qg6 29. Nd2 Rae8 30. f3 Bxe4 31. Nxe4 Nh5 32. Rd5 Be7 33. Qc6 Bd8 34.
Rd7 Rg8 35. Rxd8 Rxd8 36. Nxf6 Qg7 37. Ba1 1-0

[Event "80. Francia ch"]
[Site "Chartres FRA"]
[Date "2005.08.18"]
[Round "4.6"]
[White "Kosten, Anthony C"]
[Black "Vaisser, Anatoly"]
[Result "1/2-1/2"]
[WhiteElo "2522"]
[BlackElo "2576"]
[PlyCount "55"]
[EventDate "2005.08.15"]
[EventType "tourn"]
[EventRounds "11"]
[EventCountry "FRA"]
[EventCategory "13"]
[Source "lmi"]
[SourceDate "2005.08.28"]

1. e4 e6 2. d4 d5 3. Nc3 dxe4 4. Nxe4 Nd7 5. Nf3 Ngf6 6. Bg5 h6 7. Nxf6+ Nxf6
8. Bxf6 Qxf6 9. Bb5+ c6 10. Bd3 Bd7 11. Ne5 O-O-O 12. O-O c5 13. c3 Bd6 14. Re1
Bxe5 15. Rxe5 cxd4 16. cxd4 Kb8 17. Be4 Bc8 18. Rc1 Qxe5 19. dxe5 Rxd1+ 20.
Rxd1 Kc7 21. f4 Rd8 22. Rxd8 Kxd8 23. Kf2 Ke7 24. Kg3 f6 25. Kh4 fxe5 26. fxe5
b6 27. g4 Ba6 28. g5 1/2-1/2

[Event "80. Francia ch"]
[Site "Chartres FRA"]
[Date "2005.08.19"]
[Round "5.1"]
[White "Bauer, Christian"]
[Black "Vachier-Lagrave, Maxime"]
[Result "1/2-1/2"]
[WhiteElo "2641"]
[BlackElo "2527"]
[PlyCount "98"]
[EventDate "2005.08.15"]
[EventType "tourn"]
[EventRounds "11"]
[EventCountry "FRA"]
[EventCategory "13"]
[Source "lmi"]
[SourceDate "2005.08.28"]

1. Nf3 Nf6 2. c4 c5 3. Nc3 Nc6 4. g3 d5 5. cxd5 Nxd5 6. Bg2 g6 7. O-O Bg7 8.
Ng5 e6 9. Nge4 b6 10. Qa4 Bd7 11. Nd6+ Ke7 12. Nde4 Re8 13. d3 Kf8 14. Bg5 f6
15. Bd2 Nce7 16. Qc4 Bc6 17. a3 h6 18. Nd1 Rc8 19. Qc1 Nf5 20. Ne3 Nd4 21. Qd1
Qd7 22. a4 f5 23. Nc3 Nb4 24. Bxc6 Ndxc6 25. Nc4 Rb8 26. Be3 Kg8 27. Qd2 Kh7
28. Na2 Nd5 29. Nc3 Ndb4 30. Na2 Nd5 31. Nc3 Nf6 32. f3 e5 33. Bf2 Nd4 34. Ra3
Rbd8 35. Nb5 Nxb5 36. axb5 Qxb5 37. Qc2 Re7 38. Rfa1 Rdd7 39. e4 Qc6 40. Ra6 f4
41. g4 Ne8 42. Kg2 Qc8 43. Qb3 Rb7 44. Qc3 Qb8 45. b4 cxb4 46. Qxb4 Qd8 47.
R1a2 Red7 48. Qb1 Bf6 49. Qa1 Qe7 1/2-1/2